Central Library OPAC University of Rajshahi

পুতুলের বিয়ে / (Record no. 65544)

MARC details
000 -LEADER
fixed length control field 00721nam a2200217 a 4500
001 - CONTROL NUMBER
control field 65544
003 - CONTROL NUMBER IDENTIFIER
rucl marc code BD-RjUL
005 - DATE AND TIME OF LATEST TRANSACTION
control field 20211209081434.0
008 - FIXED-LENGTH DATA ELEMENTS--GENERAL INFORMATION
fixed length control field 170308s1990 ii ||||| |||| 00| d ben d
035 ## - SYSTEM CONTROL NUMBER
System control number (BD-RjUL)65674
040 ## - CATALOGING SOURCE
Original cataloging agency BD-RjUL
Language of cataloging ben
Transcribing agency BD-RjUL
041 ## - LANGUAGE CODE
Language code of text/sound track or separate title ben
082 ## - DEWEY DECIMAL CLASSIFICATION NUMBER
Classification number 891.442
Author mark and year ISP 1990
Edition number 23
100 1# - MAIN ENTRY--PERSONAL NAME
Personal name ইসলাম, নজরুল
9 (RLIN) 176779
245 10 - TITLE STATEMENT
Title পুতুলের বিয়ে /
Statement of responsibility, etc. নজরুল ইসলাম
260 ## - PUBLICATION, DISTRIBUTION, ETC. (IMPRINT)
Place of publication, distribution, etc. কলিকাতা :
Name of publisher, distributor, etc. ডি, এম, লাইব্রেরী,
Date of publication, distribution, etc. ১৯৯০ ?
300 ## - PHYSICAL DESCRIPTION
Pagination ৪০ পৃ. ;
Size ২২ সেমি.
650 ## - SUBJECT ADDED ENTRY--TOPICAL TERM
Topical term or geographic name as entry element বাংলা নাটক
9 (RLIN) 130744
Topical term or geographic name as entry element Bengali Drama
9 (RLIN) 130745
942 ## - ADDED ENTRY ELEMENTS (KOHA)
Source of classification or shelving scheme Dewey Decimal Classification
Koha item type Books
Holdings
Lost status Source of classification or shelving scheme Damaged status Not for loan Collection code Permanent Location Current Location Shelving location Date acquired Source of acquisition Total Checkouts Full call number Date last seen Copy number Koha item type
  Dewey Decimal Classification   Not For Loan Non-fiction Central Library, University of Rajshahi Central Library, University of Rajshahi Reading Room 16/07/1990 Sawkat Osman, Dhaka   B 891.442 ISP 1990 08/03/2017 C-1 Books